Механизм согласования экономических интересов государства и крупного корпоративного бизнеса России; Актуальные проблемы гуманитарных наук

গ্রন্থ-পঞ্জীর বিবরন
Parent link:Актуальные проблемы гуманитарных наук.— 2013.— [С. 427-429]
প্রধান লেখক: Антонова З. Г. Зоя Георгиевна
সংস্থা লেখক: Национальный исследовательский Томский политехнический университет (ТПУ) Институт социально-гуманитарных технологий (ИСГТ) Кафедра экономики (ЭКОН)
অন্যান্য লেখক: Лившиц В. И. Вера Исаковна
সংক্ষিপ্ত:Заглавие с экрана
ভাষা:রুশ
প্রকাশিত: 2013
মালা:Экономика инновационных преобразований и устойчивого развития
বিষয়গুলি:
অনলাইন ব্যবহার করুন:http://www.lib.tpu.ru/fulltext/c/2013/C20/209.pdf
বিন্যাস: বৈদ্যুতিক গ্রন্থের অধ্যায়
KOHA link:https://koha.lib.tpu.ru/cgi-bin/koha/opac-detail.pl?biblionumber=240956

MARC

LEADER 00000naa2a2200000 4500
001 240956
005 20251209160127.0
035 |a (RuTPU)RU\TPU\book\262218 
035 |a RU\TPU\book\262217 
090 |a 240956 
100 |a 20130628d2013 k y0rusy50 ca 
101 0 |a rus 
102 |a RU 
135 |a drcn ---uucaa 
181 0 |a i  
182 0 |a b 
200 1 |a Механизм согласования экономических интересов государства и крупного корпоративного бизнеса России  |f З. Г. Антонова, В. И. Лившиц 
203 |a Текст  |c электронный 
215 |a 1 файл(319 Кб) 
225 1 |a Экономика инновационных преобразований и устойчивого развития 
300 |a Заглавие с экрана 
320 |a [Библиогр.: с. 429 (2 назв.)] 
337 |a Adobe Reader 
463 1 |0 (RuTPU)RU\TPU\book\259431  |t Актуальные проблемы гуманитарных наук  |o сборник научных трудов ХII Международной научно-практической конференции студентов, аспирантов и молодых ученых 3-6 апреля 2013 г., г. Томск  |f Национальный исследовательский Томский политехнический университет (ТПУ)  |v [С. 427-429]  |d 2013 
610 1 |a электронный ресурс 
610 1 |a труды учёных ТПУ 
610 1 |a экономические интересы 
610 1 |a государство 
610 1 |a корпоративный бизнес 
610 1 |a согласование 
610 1 |a Россия 
700 1 |a Антонова  |b З. Г.  |c специалист в области экономики  |c доцент Томского политехнического университета, кандидат экономических наук  |f 1947-  |g Зоя Георгиевна  |3 (RuTPU)RU\TPU\pers\25988 
701 1 |a Лившиц  |b В. И.  |c экономист  |c доцент Томского политехнического университета, кандидат экономических наук  |f 1954-  |g Вера Исаковна  |3 (RuTPU)RU\TPU\pers\25995 
712 0 2 |a Национальный исследовательский Томский политехнический университет (ТПУ)  |b Институт социально-гуманитарных технологий (ИСГТ)  |b Кафедра экономики (ЭКОН)  |3 (RuTPU)RU\TPU\col\18375 
801 1 |a RU  |b 63413507  |c 20101016 
801 2 |a RU  |b 63413507  |c 20130628  |g RCR 
856 4 |u http://www.lib.tpu.ru/fulltext/c/2013/C20/209.pdf 
942 |c CF